书目信息 |
| 题名: |
佳能800D数码单反摄影从入门到精通
|
|
| 作者: | ;神龙摄影 编著 | |
| 分册: | ||
| 出版信息: | 北京 人民邮电出版社 2018.07 |
|
| 页数: | 225页 | |
| 开本: | 26cm | |
| 丛书名: | ||
| 单 册: | ||
| 中图分类: | TB852.12 , J41 , TB86 | |
| 科图分类: | ||
| 主题词: | 数字照相机--单镜头反光照相机--摄影技术 , 数字照相机--单镜头反光照相机--摄影艺术 , 摄影--各种 , 摄影技术--各种 | |
| 电子资源: | ||
| ISBN: | 978-7-115-48058-3 | |
| 000 | 01056nam0 2200277 450 | |
| 001 | 4895 | |
| 005 | 20181013145440.31 | |
| 010 | @a978-7-115-48058-3@dCNY79.80 | |
| 100 | @a20180819d2018 em y0chiy50 ea | |
| 101 | 0 | @achi |
| 102 | @aCN@b110000 | |
| 105 | @aa z 000yy | |
| 200 | 1 | @a佳能800D数码单反摄影从入门到精通@9jia neng 800D shu ma dan fan she ying cong ru men dao jing tong@f神龙摄影编著 |
| 210 | @a北京@c人民邮电出版社@d2018.07 | |
| 215 | @a225页@c照片@d26cm | |
| 330 | @a本书从佳能800D相机设置、基本操作、拍摄技法,到各种主题拍摄、后期处理等方面,由浅入深、循序渐进地介绍了摄影知识和创作理念,并通过大量的实例,详细讲解丰富、有效的实拍技法,告诉读者如何实现拍摄意图,逐步形成属于自己的独特风格。 | |
| 606 | 0 | @a数字照相机@x单镜头反光照相机@x摄影技术 |
| 606 | 0 | @a数字照相机@x单镜头反光照相机@x摄影艺术 |
| 606 | 0 | @a摄影@x各种 |
| 606 | 0 | @a摄影技术@x各种 |
| 690 | @aTB852.12@v5 | |
| 690 | @aJ41@v5 | |
| 690 | @aTB86@v4 | |
| 711 | 02 | @a神龙摄影@9shen long she ying@4编著 |
| 801 | 0 | @aCN@b91MARC@c20180819 |
| 905 | @aMuseLib@dTB86@e171 | |
| 佳能800D数码单反摄影从入门到精通/神龙摄影编著.-北京:人民邮电出版社,2018.07 |
| 225页:照片;26cm |
| ISBN 978-7-115-48058-3:CNY79.80 |
| 本书从佳能800D相机设置、基本操作、拍摄技法,到各种主题拍摄、后期处理等方面,由浅入深、循序渐进地介绍了摄影知识和创作理念,并通过大量的实例,详细讲解丰富、有效的实拍技法,告诉读者如何实现拍摄意图,逐步形成属于自己的独特风格。 |
| ● |
| 相关链接 |
|
|
|
|
正题名:佳能800D数码单反摄影从入门到精通
索取号:TB86/171
 
预约/预借
| 序号 | 登录号 | 条形码 | 馆藏地/架位号 | 状态 | 备注 |
| 1 | 1127127 | 211271274 | 第二样本阅览室/ [索取号:TB86/171] | 在馆 | |
| 2 | 1127128 | 211271283 | 密集书库-物理学院/ [索取号:TB86/171] | 在馆 | |
| 3 | 1127129 | 211271292 | 第三借阅区/ [索取号:TB86/171] | 在馆 | |
| 4 | 1127130 | 211271309 | 第三借阅区/ [索取号:TB86/171] | 在馆 | |
| 5 | 1127131 | 211271318 | 第三借阅区/ [索取号:TB86/171] | 在馆 |